| 000 | 00825cab a2200253 4500 | ||
|---|---|---|---|
| 001 | ABS58813 | ||
| 008 | 090401t1998 xxu||||| |||| 00| 0 eng d | ||
| 035 | _a(Sirsi) u86685 | ||
| 041 | _aeng | ||
| 100 | _aLopatin, M. | ||
| 245 | _aMarshall`s plan | ||
| 260 | _c1998 | ||
| 350 | _a0 | ||
| 490 |
_aEstates Gazette _v(9822) 30 May 1998, 57-58(2) |
||
| 520 | _aInterview with Colin Marshall, chairman of the London Development Partnership. Details how the new alliance of planning interest parties will lay the foundations for a London development Authority by 2001. | ||
| 650 | _aCOLIN MARSHALL | ||
| 650 | _aLONDON DEVELOPMENT AUTHORITY | ||
| 650 | _aLONDON DEVELOPMENT PARTNERSHIP | ||
| 650 | _aLONDON MAYOR | ||
| 650 | _aURBAN REGENERATION | ||
| 690 | _aURBAN RENEWAL | ||
| 942 | _n0 | ||
| 948 | _c08/06/1998 | ||
| 999 |
_c54583 _d54583 |
||